Państwa, które mają mniej niż 100tys mieszkańców. - Statystyki

Ogólne statystyki
  • Ten quiz został rozwiązany 313 razy
  • Średni wynik to 7 z 12
Statystyki odpowiedzi
Państwo % Poprawnych
Watykan
94%
San Marino
89%
Andora
85%
Liechtenstein
85%
Monako
83%
Nauru
53%
Tuvalu
50%
Palau
48%
Seszele
42%
Wyspy Marshalla
41%
Antigua i Barbuda
36%
Dominika
35%
Nie znaleziono quizów pasujących do podanych kryteriów
Rozkład punktacji
Procent ludzi z każdym wynikiem
Percentyl według liczby udzielonych odpowiedzi
Twoja historia wyników
Nie rozwiązałeś tego quizu